| 000 | 00662nam a22002177a 4500 | ||
|---|---|---|---|
| 001 | 55063 | ||
| 003 | BD-RjUL | ||
| 005 | 20211209080217.0 | ||
| 008 | 161114s1969 au ||||| |||| 00| 0 eng d | ||
| 035 | _a(BD-RjUL)55185 | ||
| 040 |
_aBD-RjUL _beng _cBD-RjUL |
||
| 041 | _aeng | ||
| 082 |
_223 _a822.33 _bSHA 1969 |
||
| 245 |
_aShakespeare: The merchant of Venice: _bA casebook / _cJohn Wilders |
||
| 260 |
_aLondon : _bMacmillan, _c1969. |
||
| 300 |
_a249 p. ; _c 21 cm. |
||
| 600 |
_a Shakespeare, William, _c1564-1616. _dMerchant of Venice _qExaminations _9164141 |
||
| 650 |
_a Study guides. _9164142 |
||
| 700 |
_a Wilders, John _9164143 |
||
| 942 |
_2ddc _cBK |
||
| 999 |
_c55063 _d55063 |
||